Štúdium na Mechanizačnej fakulte Vysokej školy poľnohospodárskej v Nitre po novom

Bibliographic Details
Main Author: Chomová, Ľubica (Author)
Format: Article
Language:Slovak
Subjects:

MARC

LEADER 00000nab a2200000 a 4500
001 vtls000523770
003 SK-MaSNL
005 20260304013306.0
008 120928c1994 xo 0 slo
015 |a SNBRB19rr/mm-uuuuu 
035 |a CL0523908 
040 |a SNKBUCL  |b slo  |c SNKBUCL  |e AACR2 
041 0 |a slo 
044 |a xo  |c SK 
080 |a 378.663.096(437.6):631.3  |2 1981 
080 |a 631.3  |2 1981 
100 1 |a Chomová, Ľubica  |4 aut  |9 926664 
245 1 0 |a Štúdium na Mechanizačnej fakulte Vysokej školy poľnohospodárskej v Nitre po novom  |c Ľubica Chomová 
610 2 7 |a Vysoká škola poľnohospodárska v Nitre.  |b Mechanizačná fakulta  |2 snkbucl  |9 180435 
655 7 |a články z novín a časopisov  |2 snkbucl  |9 267496 
773 0 |t Technické noviny  |g Roč. 42, č. 11 (1994), s. 13 
850 |a Slovenská národná knižnica v Martine  |a MTA001 
852 |a SNK  |b KIS3GCP 
958 |a RK 
992 |a RBX 
999 |c 2575195  |d 2577125